000
00310nam a22001337a 4500
008
170829b xxu||||| |||| 00| 0 eng d
020
_a
0817631917
041
_a
eng
080
_a
047
100
_a
39
101
_a
MED
245
_a
MATHEMATICAL PEOPLE PROFILES AND INTERVIEWS
_c
DAVIS,,P.J
942
_2
udc
_c
BK
999
_c
25363
_d
25363